Quiz su Mayotte - Statistics

Statistiche generali
  • Questo quiz è stato fatto 6 volte
  • Il punteggio medio è 10 su 18
Statistiche sulle risposte
Definizione Risposta % Corretto
Numero di isole da cui è costituita Mayotte 2
100%
Lingua Ufficiale Francese
100%
È una dipendenza di questo Paese Francia
100%
Il canale qui sopra è tributario di questo oceano Oceano Indiano
100%
Sport più popolare Calcio
80%
Moneta Euro
80%
Con margine, è la regione più _______ della Francia Povera
80%
L'economia è basata su questo settore Agricoltura
60%
Animale presente sullo stemma e forma di Mayotte se girata al contrario Cavalluccio Marino
60%
Religione principale Islam
60%
È situata in questo canale:Canale del ___________ Mozambico
60%
Nel 1500 era occupato da questa popolazione Arabi
40%
Capitale Mamoudzou
40%
Altre lingue parlate Comoriano
20%
È divisa in due cantoni, che a sua volta sono suddivisi in 17 _______ Comuni
20%
Maorese
20%
Mayotte è la regione più __________ dell'Unione Europea Periferica
20%
Quasi la metà della popolazione è composta da ___________ Stranieri
0%
Nessun quiz corrispondente trovato
Distribuzione punteggi
Percentuale di utenti per punteggio
Percentile per numero di risposta
I tuoi punteggi nel tempo
Non hai fatto questo quiz